Włochy - quiz wielokrotnego wyboru - Statystyki

Ogólne statystyki
  • Ten quiz został rozwiązany 2 637 razy
  • Średni wynik to 11 z 15
Statystyki odpowiedzi
Zagadnienie Odpowiedź % Poprawnych
Jakie są kolory flagi Włoch? Zielony, biały i czerwony
96%
Który z tych krajów jest geograficznie najbliżej Włoch (w linii prostej)? Chorwacja
91%
Które z tych miast jest najdalej na północ? Wenecja
85%
Który z tych wulkanów NIE znajduje się we Włoszech? Teide
84%
Który z poniższych NIE jest włoskim serem? Camembert
83%
Kto pomalował sklepienie Kaplicy Sykstyńskiej? Michał Anioł
83%
Czy Florencja jest na wybrzeżu? Nie
79%
Czy język włoski jest językiem urzędowym w jakimkolwiek innym kraju poza Włochami? Tak
78%
Co oznacza włoskie słowo pomodoro? Pomidor
76%
Z jakiego miasta pochodził Krzysztof Kolumb? Genua
70%
Co dzieje się w La Scala? Opery
64%
Kto z poniższych NIE był cesarzem rzymskim? Tamerlan
61%
Kim był Federico Fellini? Reżyserem filmu
55%
Która z tych rzeczy NIE ZOSTAŁA wynaleziona we Włoszech? Kamera filmowa
51%
Czym jest duomo? Kościół
50%
Nie znaleziono quizów pasujących do podanych kryteriów
Rozkład punktacji
Procent ludzi z każdym wynikiem
Percentyl według liczby udzielonych odpowiedzi
Twoja historia wyników
Nie rozwiązałeś tego quizu